000 00598nam a2200193Ia 4500
005 20250507130236.0
008 008 250505s9999 xx 000 0 eng d
037 _aSeries Article
040 _aEASL
_beng
_cEASL
041 _aeng
_2eng
084 _qEASL
100 _aKim Sung Won & Others
_9669038
245 0 _aIncome,work preferences and gender roles among parents of infants in urban china:a mixed method study from nanjing
260 _aUK
_bUK Cambridge Univesity Press UK
_c2010
300 _a939-959
650 _aChina
942 _cSRA
999 _c1318516
_d1318516